Numbered TV Shows Quiz Stats

 Plays Quiz Updated Oct 12, 2018

Score 0/27 Timer 06:00
8 Plays Today
Years On Show % Correct
2001-201024
85.1%
2006-201330 Rock
80%
2003-2015Two and a Half Men
79.2%
1990-2000, 2008-2013Beverly Hills, 90210
78.5%
1998-2006That 70's Show
75.3%
1976-1984Three's Company
65.4%
1996-20013rd Rock from the Sun
64.2%
1968-present60 Minutes
63.3%
1978-present20/20
53.6%
2003-2012One Tree Hill
50.7%
1987-199121 Jump Street
47.7%
1994-2000Party of Five
43.1%
1996-20077th Heaven
34.4%
2002-20058 Simple Rules
33.7%
Years On Show % Correct
1977-1981Eight is Enough
31.1%
1968-1980Hawaii Five-O
27.1%
1998-2001Two Guys, a Girl and a Pizza Place
26.6%
2005-2010Numb3rs
21.3%
1961-1963Car 54 Where Are You?
17.4%
2006-2007Studio 60 on the Sunset Strip
13.9%
1988-present48 Hours
10.1%
1993-1999Deep Space 9
6.6%
2003-2009Reno 911!
6.3%
1997-2007Stargate SG-1
4.2%
1994-1998Babylon 5
2.6%
2004-2007The 4400
2.2%
1988-1999Mystery Science Theater 3000
1.8%

You're not logged in!

Compare scores with friends on all Sporcle quizzes.
OR
Log In

Sporcle TV

Today on Sporcle TV


Watch our educational content, quiz creation guides, and fun videos on Sporcle TV.

Show Comments

Extras

Top Quizzes Today


Score Distribution

Your Account Isn't Verified!

In order to create a playlist on Sporcle, you need to verify the email address you used during registration. Go to your Sporcle Settings to finish the process.

Report this User

Report this user for behavior that violates our Community Guidelines.

Details: